000 00204nam a22000857a 4500
008 161013b xxu||||| |||| 00| 0 eng d
100 _9819
_aCresswell.H.
245 _aStonesstruck
260 _bPuffin Books
_c1995
999 _c3473
_d3473